| 000 | 00592nam a22002057a 4500 | ||
|---|---|---|---|
| 005 | 20251108165916.0 | ||
| 008 | 250721s1994 xx 000 0 ara d | ||
| 082 | 1 | 4 | _aم/956.1/دبس |
| 100 | 1 | _aالدبس، يوسف | |
| 245 | 1 | 0 | _aتاريخ سورية الديني و الدنيوي / |
| 264 | 1 |
_aبيروت : _bدار نظير عبود، _c1994. |
|
| 300 | _aج | ||
| 650 | 1 | 7 | _aتاريخ سورية |
| 650 | 1 | 7 | _aالتاريخ الإسلامي |
| 650 | 1 | 7 | _aالكنائس |
| 650 | 1 | 7 | _aالموارنة |
| 650 | 1 | 7 | _aالمسيحية |
| 942 |
_2ddc _cREF |
||
| 999 |
_c34520 _d34520 |
||